鬼吹燈II . 南海歸墟 . 貳
| 資料類型: | 圖書 | 書目號: | 51034 |
Leader xxxxxxxxxx 001 __ 102460/1/02 005 __ 20170410105854.967 010 0_ |a9789863610977|b全套 : 平裝|d新臺幣360元 100 __ |a20170410d2014 k y0chiy50 e 101 0_ |achi 102 __ |atw 105 __ |ay z 000ay 200 1_ |a鬼吹燈II|h貳|i南海歸墟|f天下霸唱著 205 __ |a初版 210 __ |a臺北市|c高寶國際|d2014[民103] 215 0_ |a2冊|d21公分 225 12 |a戲非戲|v192 517 1_ |a南海歸墟|zchi 700 _0 |a天下霸唱|4著 681 __ |a857.7|b8734 v.2 801 _0 |atw|bLibDipper|c20170410|gCCR |